000 00569nam a22001815i 4500
001 53274
003 ES-MaACL
007 t|
008 950912s1896 sp ||||1| spa d
040 _aCAM
_bspa
_cCAM
100 1 _aDurand-Fardel, Max.
_946266
245 1 0 _aTratado práctico de las enfermedades de la vejez /
_cpor M. Durand-Fardel; traducido por Gerardo Díaz y Pedraza.
250 _a2ª ed.
260 _aMadrid :
_bBailly-Baillière,
_c1896.
300 _aLXII, 903 p. ;
_c24 cm.
700 1 _aDíaz y Pedraza, Gerardo.
_944466
852 _aES-MaACL
_jG-13831
999 _c53274
_d53274